Normal view
MARC view
Entry Personal Name
001 - CONTROL NUMBER
- control field: 47550
003 - CONTROL NUMBER IDENTIFIER
- control field: dpl
005 - DATE AND TIME OF LATEST TRANSACTION
- control field: 20120521114057.0
008 - FIXED-LENGTH DATA ELEMENTS
- fixed length control field: 120521|||a|||||| | ||| d
040 ## - CATALOGING SOURCE
- Original cataloging agency: dpl
- Transcribing agency: dpl
100 ## - HEADING--PERSONAL NAME
- Personal name: कुमार, ब्रज बिहारी
670 ## - SOURCE DATA FOUND
- Source citation: Work cat.: (dpl): कुमार, ब्रज बिहारी, समस्त्रोतीय शब्दावली हिन्दी-खाशी ,एंव खाशी-हिन्दी, 1012
670 ## - SOURCE DATA FOUND
- Source citation: Work cat.: (dpl): कुमार, ब्रज बिहारी, समस्त्रोतीय शब्दावली हिन्दी-खाशी ,एंव खाशी-हिन्दी, 1012
